000
00357nam a22001217a 4500
082
_a
380
100
_a
State Bank of Pakistan
245
_a
Import of Goods and Services
_c
State Bank of Pakistan
260
_a
Karachi
_b
Statistics and Data Warehouse Deptt
_c
2010
300
_a
387p
942
_2
ddc
_c
BK
999
_c
586151
_d
586151